<?xml version="1.0" encoding="UTF-8"?>
<record
    xmlns:xsi="http://www.w3.org/2001/XMLSchema-instance"
    xsi:schemaLocation="http://www.loc.gov/MARC21/slim http://www.loc.gov/standards/marcxml/schema/MARC21slim.xsd"
    xmlns="http://www.loc.gov/MARC21/slim">

  <leader>00853nam a2200205Ia 4500</leader>
  <controlfield tag="001">17658</controlfield>
  <controlfield tag="003">GE_BSU</controlfield>
  <controlfield tag="008">181216s||||||||xx |||||||||||||| ||und||</controlfield>
  <datafield tag="040" ind1=" " ind2=" ">
    <subfield code="c">GE_BSU</subfield>
  </datafield>
  <datafield tag="080" ind1=" " ind2=" ">
    <subfield code="a">628(035.5)</subfield>
  </datafield>
  <datafield tag="100" ind1=" " ind2=" ">
    <subfield code="a">&#x414;&#x443;&#x445;&#x430;&#x43D;&#x438;&#x43D;,&#x42E;.&#x410;. &#x43E;&#x441;&#x43C;&#x438;&#x43D;&#x43A;&#x438;&#x43D;,&#x42F;.&#x41C;. &#x421;&#x438;&#x434;&#x43E;&#x440;&#x43E;&#x447;&#x43A;&#x438;&#x43D;,&#x421;.&#x421;. &#x438; &#x434;&#x440;.</subfield>
  </datafield>
  <datafield tag="245" ind1=" " ind2=" ">
    <subfield code="a">&#x421;&#x43F;&#x440;&#x430;&#x432;&#x43E;&#x447;&#x43D;&#x438;&#x43A; &#x43F;&#x43E; &#x442;&#x435;&#x445;&#x43D;&#x438;&#x43A;&#x435; &#x431;&#x435;&#x437;&#x430;&#x43F;&#x430;&#x441;&#x442;&#x43D;&#x43E;&#x441;&#x442;&#x438; &#x43F;&#x440;&#x43E;&#x442;&#x438;&#x432;&#x43E;&#x43F;&#x43E;&#x436;&#x430;&#x440;&#x43D;&#x43E;&#x439; &#x442;&#x435;&#x445;&#x43D;&#x438;&#x43A;&#x435; &#x438; &#x43F;&#x440;&#x43E;&#x438;&#x437;&#x432;&#x43E;&#x434;&#x441;&#x442;&#x432;&#x435;&#x43D;&#x43D;&#x43E;&#x439; &#x441;&#x430;&#x43D;&#x438;&#x442;&#x430;&#x440;&#x438;&#x439;. &#x422;&#x43E;&#x43C; 2.</subfield>
  </datafield>
  <datafield tag="260" ind1=" " ind2=" ">
    <subfield code="a">&#x41B;.</subfield>
  </datafield>
  <datafield tag="260" ind1=" " ind2=" ">
    <subfield code="b">&#x421;&#x443;&#x434;&#x43E;&#x441;&#x442;&#x440;&#x43E;&#x435;&#x43D;&#x438;&#x435;.</subfield>
  </datafield>
  <datafield tag="260" ind1=" " ind2=" ">
    <subfield code="c">1970.</subfield>
  </datafield>
  <datafield tag="300" ind1=" " ind2=" ">
    <subfield code="a">664 &#x441;&#x442;&#x440;. &#x441; &#x438;&#x43B;&#x43B;. 23 &#x441;&#x43C;.</subfield>
  </datafield>
  <datafield tag="300" ind1=" " ind2=" ">
    <subfield code="e">&#x422;&#x430;&#x431;&#x43B;.</subfield>
  </datafield>
  <datafield tag="653" ind1=" " ind2=" ">
    <subfield code="a">&#x421;&#x43F;&#x440;&#x430;&#x432;&#x43E;&#x447;&#x43D;&#x438;&#x43A; &#x43F;&#x43E; &#x442;&#x435;&#x445;&#x43D;&#x438;&#x43A;&#x435; &#x431;&#x435;&#x437;&#x430;&#x43F;&#x430;&#x441;&#x442;&#x43D;&#x43E;&#x441;&#x442;&#x438; &#x43F;&#x440;&#x43E;&#x442;&#x438;&#x432;&#x43E;&#x43F;&#x43E;&#x436;&#x430;&#x440;&#x43D;&#x43E;&#x439; &#x442;&#x435;&#x445;&#x43D;&#x438;&#x43A;&#x435; &#x438; &#x43F;&#x440;&#x43E;&#x438;&#x437;&#x432;&#x43E;&#x434;&#x441;&#x442;&#x432;&#x435;&#x43D;&#x43D;&#x43E;&#x439; &#x441;&#x430;&#x43D;&#x438;&#x442;&#x430;&#x440;&#x438;&#x439;.</subfield>
  </datafield>
  <datafield tag="942" ind1=" " ind2=" ">
    <subfield code="c">BK</subfield>
  </datafield>
  <datafield tag="999" ind1=" " ind2=" ">
    <subfield code="c">50707</subfield>
    <subfield code="d">50707</subfield>
  </datafield>
  <datafield tag="952" ind1=" " ind2=" ">
    <subfield code="0">0</subfield>
    <subfield code="1">0</subfield>
    <subfield code="4">0</subfield>
    <subfield code="7">0</subfield>
    <subfield code="9">69389</subfield>
    <subfield code="d">2018-12-17</subfield>
    <subfield code="p">10254</subfield>
    <subfield code="r">2018-12-17</subfield>
    <subfield code="w">2018-12-17</subfield>
    <subfield code="y">BK</subfield>
  </datafield>
</record>
